Katamari Cousins - Statistics

General Stats
  • This quiz has been taken 76 times
  • The average score is 30 of 57
Answer Stats
Answer % Correct
Ace
86%
Ichigo
86%
Nik
75%
Foomin
71%
Dipp
68%
Johnson
68%
Jungle
68%
Marny
68%
Miso
68%
The Princess
68%
Drive
64%
Honey
64%
Lalala
64%
Macho
64%
Marcy
64%
Opeo
64%
Beyond
61%
Mu
57%
Fujio
54%
June
54%
Kinoko
54%
Pu
54%
Twinkle
54%
Can-Can
50%
Daisy
50%
Drooby
50%
Havana
50%
Odeko
50%
Ryu
50%
Shy
50%
Velvet
50%
Ban-Ban
46%
Dangle
46%
Harvest
46%
Huey
46%
L’Amour
46%
Nickel
46%
Pokkle
46%
Sherman
46%
Slip
46%
Colombo
43%
Hans
43%
Kuro
43%
Miki
43%
Odeon
43%
Peso
43%
Shikao
43%
Signolo
43%
Kenta
39%
Kyun
39%
Nai-Nai
39%
Nutsuo
39%
Lucha
36%
Mag
36%
Norn
36%
Paula
36%
Kunihiro
29%
No matching quizzes found
Score Distribution
Percent of People with Each Score
Percentile by Number Answered
Your Score History
You have not taken this quiz